| 000 | 00482nam a2200169 a 4500 | ||
|---|---|---|---|
| 001 | 3657 | ||
| 005 | 20140414131903.0 | ||
| 008 | 060922s19uu xx 00 eng d | ||
| 020 | _a0-671-69291-7 | ||
| 050 |
_aFIC _bH77 1990 |
||
| 100 | _aHope, Laura Lee | ||
| 245 |
_aThe new bobbsey twins #19 : _bthe show-and -tell mystery / _cby Laura Lee Hope. |
||
| 260 |
_aNew York : _bPocket books, _cc1990. |
||
| 300 | _a89 p. ; cm. | ||
| 440 | _aThe New Bobbsey Twins | ||
| 999 |
_c110766 _d110766 |
||